Urban and regional planning / (Record no. 173174)

000 -LEADER
fixed length control field 01707cam a2200373 a 4500
001 - CONTROL NUMBER
control field 16192789
003 - CONTROL NUMBER IDENTIFIER
control field Nust
005 - DATE AND TIME OF LATEST TRANSACTION
control field 20180117090020.0
008 - FIXED-LENGTH DATA ELEMENTS--GENERAL INFORMATION
fixed length control field 100419s2011 enkab b 001 0 eng
010 ## - LIBRARY OF CONGRESS CONTROL NUMBER
LC control number 2010016606
020 ## - INTERNATIONAL STANDARD BOOK NUMBER
International Standard Book Number 9780415566520 (hardback)
020 ## - INTERNATIONAL STANDARD BOOK NUMBER
International Standard Book Number 9780415566544 (pbk.)
040 ## - CATALOGING SOURCE
Original cataloging agency DLC
Transcribing agency DLC
Modifying agency DLC
042 ## - AUTHENTICATION CODE
Authentication code pcc
043 ## - GEOGRAPHIC AREA CODE
Geographic area code e-uk---
050 00 - LIBRARY OF CONGRESS CALL NUMBER
Classification number HT166.G7
Item number H34 2011
082 00 - DEWEY DECIMAL CLASSIFICATION NUMBER
Classification number 361.60941
Edition number 22
100 1# - MAIN ENTRY--PERSONAL NAME
Personal name Hall, Peter,
Dates associated with a name 1932-2014.
245 10 - TITLE STATEMENT
Title Urban and regional planning /
Statement of responsibility, etc. Peter Hall and Mark Tewdwr-Jones.
250 ## - EDITION STATEMENT
Edition statement 5th ed.
260 ## - PUBLICATION, DISTRIBUTION, ETC.
Place of publication, distribution, etc. London ;
-- New York :
Name of publisher, distributor, etc. Routledge,
Date of publication, distribution, etc. c2011.
300 ## - PHYSICAL DESCRIPTION
Extent x, 281 p. :
Other physical details ill., maps ;
Dimensions 26 cm.
504 ## - BIBLIOGRAPHY, ETC. NOTE
Bibliography, etc. note Includes bibliographical references and index.
505 0# - FORMATTED CONTENTS NOTE
Formatted contents note Planning, planners and plans -- The origins: urban growth from 1800 to 1940 -- The seers: pioneer thinkers in urban planning, from 1880 to 1945 -- The creation of the postwar planning machine, from 1940 to 1952 -- National/regional planning from 1945 to 2010 -- Planning for cities and city regions from 1945 to 2010 -- Planning in western Europe since 1945 -- Planning in the United States since 1945 -- The planning process.
650 #0 - SUBJECT ADDED ENTRY--TOPICAL TERM
Topical term or geographic name entry element City planning.
650 #0 - SUBJECT ADDED ENTRY--TOPICAL TERM
Topical term or geographic name entry element Regional planning.
650 #0 - SUBJECT ADDED ENTRY--TOPICAL TERM
Topical term or geographic name entry element City planning
Geographic subdivision Great Britain.
650 #0 - SUBJECT ADDED ENTRY--TOPICAL TERM
Topical term or geographic name entry element Regional planning
Geographic subdivision Great Britain.
700 1# - ADDED ENTRY--PERSONAL NAME
Personal name Tewdwr-Jones, Mark.
906 ## - LOCAL DATA ELEMENT F, LDF (RLIN)
a 7
b cbc
c orignew
d 1
e ecip
f 20
g y-gencatlg
942 ## - ADDED ENTRY ELEMENTS (KOHA)
Source of classification or shelving scheme
Koha item type Book
Holdings
Withdrawn status Lost status Source of classification or shelving scheme Damaged status Not for loan Collection code Permanent Location Current Location Shelving location Date acquired Total Checkouts Total Renewals Full call number Barcode Date last seen Date last checked out Price effective from Koha item type
            Central Library (CL) Central Library (CL) General Stacks 01/19/2017 1 2 361.60941 HAL S3H-N-1468 11/06/2024 01/03/2023 01/19/2017 Book
© 2023 Central Library, National University of Sciences and Technology. All Rights Reserved.